Statistics for Top 10 Most Populous Countries in 1989

Click here to take the quiz!

General Stats

  • This quiz has been taken 248 times
  • The average score is 9 of 10

Answer Stats

Answer% Correct
China
100%
United States of America
100%
India
99%
Brazil
94%
Indonesia
90%
Japan
88%
Pakistan
82%
Soviet Union
78%
Nigeria
76%
Bangladesh
73%

Score Distribution

Percentile by Number Answered

Percent of People with Each Score

Your Score History

You have not taken this quiz